2008 Nanjing gamma-ray burst Conference (Record no. 17264)

MARC details
000 -LEADER
fixed length control field 00909nam a2200217Ia 4500
003 - CONTROL NUMBER IDENTIFIER
control field IN-BaIIA
008 - FIXED-LENGTH DATA ELEMENTS--GENERAL INFORMATION
fixed length control field 211028s9999 xx 000 0 eng d
020 ## - INTERNATIONAL STANDARD BOOK NUMBER
International Standard Book Number 978-0-7354-0596-7
040 ## - CATALOGING SOURCE
Transcribing agency IIA Library
080 ## - UNIVERSAL DECIMAL CLASSIFICATION NUMBER
Universal Decimal Classification number 52-732(082.1)
Item number NAN
111 ## - MAIN ENTRY--MEETING NAME
Meeting name or jurisdiction name as entry element 2008 Nanjing Gamma-Ray Burst Conference
Location of meeting Nanjing
Date of meeting or treaty signing 2008 June 23-37
9 (RLIN) 32536
245 #0 - TITLE STATEMENT
Title 2008 Nanjing gamma-ray burst Conference
Remainder of title proceedings of the 2008 Nanjing gamma-ray burst Conference, held in Nanjing, China, 23 - 37 June, 2008
Statement of responsibility, etc. edited by Yong-Feng Huang, Zi-Gao Dai and Bing Zhang.
260 ## - PUBLICATION, DISTRIBUTION, ETC.
Place of publication, distribution, etc. New York
Name of publisher, distributor, etc. American Institute of Physics
Date of publication, distribution, etc. 2008
300 ## - PHYSICAL DESCRIPTION
Extent [various pagings.]
650 ## - SUBJECT ADDED ENTRY--TOPICAL TERM
Topical term or geographic name entry element Optical observations-congresses
9 (RLIN) 32537
650 ## - SUBJECT ADDED ENTRY--TOPICAL TERM
Topical term or geographic name entry element Two thousand and eight nanjing gamma-ray burst conferene
9 (RLIN) 32538
700 ## - ADDED ENTRY--PERSONAL NAME
Personal name Dai, Zi-Gao., ed.
9 (RLIN) 32539
700 ## - ADDED ENTRY--PERSONAL NAME
Personal name Huang, Yong-Feng., ed.
9 (RLIN) 32540
700 ## - ADDED ENTRY--PERSONAL NAME
Personal name Zhang, Bing., ed.
9 (RLIN) 32541
942 ## - ADDED ENTRY ELEMENTS (KOHA)
Koha item type Books
Holdings
Withdrawn status Lost status Damaged status Not for loan Home library Current library Shelving location Date acquired Source of acquisition Cost, normal purchase price Total Checkouts Full call number Barcode Date last seen Cost, replacement price Price effective from Koha item type Purchase Price
        IIA Library-Bangalore IIA Library-Bangalore General Stacks 15/05/2009 BB 695.00   52-732(082.1)/ NAN 18186 05/11/2021 695.00 15/05/2009 Books Rs. 695.00

Powered by Koha